Miasta w Polsce z rozsypanki - Statystyki

Ogólne statystyki
  • Ten quiz został rozwiązany 391 razy
  • Średni wynik to 18 z 20
Statystyki odpowiedzi
Rozsypanka Miasto % Poprawnych
zsohwCętcoa Częstochowa
100%
oNwy ząSc Nowy Sącz
99%
eioaKctw Katowice
98%
ynkbiR Rybnik
98%
yyThc Tychy
98%
ąrwDboa Grizónca Dąbrowa Górnicza
96%
Swłiuak Suwałki
96%
ćśomaZ Zamość
95%
wóGgoł Głogów
94%
nnKio Konin
94%
nilazsoK Koszalin
93%
ooKnsr Krosno
93%
sNay Nysa
93%
łcaeWołwk Włocławek
93%
zrmPeśly Przemyśl
91%
Tórwna Tarnów
91%
Bosktayłi Białystok
89%
Mceiel Mielec
86%
Gonnize Gniezno
82%
owMkiwłó Mikołów
56%
Nie znaleziono quizów pasujących do podanych kryteriów
Rozkład punktacji
Procent ludzi z każdym wynikiem
Percentyl według liczby udzielonych odpowiedzi
Twoja historia wyników
Nie rozwiązałeś tego quizu